RB'S NOTES ON MEDICAL MICROBIOLOGY WITH PRACTICAL FOR BOTT (Record no. 33390)

MARC details
000 -LEADER
fixed length control field 00450nam a22001697a 4500
003 - CONTROL NUMBER IDENTIFIER
control field SGT
020 ## - INTERNATIONAL STANDARD BOOK NUMBER
International Standard Book Number 9789388022804
082 ## - DEWEY DECIMAL CLASSIFICATION NUMBER
Classification number 616.01
Item number R23B
100 ## - MAIN ENTRY--PERSONAL NAME
Personal name BAREJA, RAJESH
245 ## - TITLE STATEMENT
Title RB'S NOTES ON MEDICAL MICROBIOLOGY WITH PRACTICAL FOR BOTT
250 ## - EDITION STATEMENT
Edition statement 1ST
260 ## - PUBLICATION, DISTRIBUTION, ETC. (IMPRINT)
Place of publication, distribution, etc INDIA
Name of publisher, distributor, etc INNOVATIVE PUB
Year of Publication 2023
300 ## - PAGE DESCRIPTION
No. of Pages 340
650 ## - SUBJECT ADDED ENTRY--TOPICAL TERM
Topical term or geographic name as entry element MICROBIOLOGY
653 ## - KEYWORDS--INDEX TERM
Keyword term RB'S NOTES ON MEDICAL MICROBIOLOGY WITH PRACTICAL FOR BOTT
942 ## - ADDED ENTRY ELEMENTS (KOHA)
Source of classification or shelving scheme Dewey Decimal Classification
Koha item type Books
Holdings
Withdrawn status Lost status Source of classification or shelving scheme Damaged status Not for loan Collection code Home library Current library Shelving location Date acquired Vendor Name Cost, normal purchase price SGTU Bill Number Full call number Accession No. (Barcode) Date last seen Bill Date Koha item type Total Checkouts Date last borrowed
    Dewey Decimal Classification   Not For Loan MEDICAL SGT Medical Library SGT Medical Library Text Book 29/11/2025 ABC DELHI 750.00 SGTU 22053 616.01 R23B FM15761 20/01/2026 29/11/2025 Books    
    Dewey Decimal Classification     MEDICAL SGT Medical Library SGT Medical Library Text Book 29/11/2025 ABC DELHI 750.00 SGTU 22053 616.01 R23B FM15762 17/04/2026 29/11/2025 Books 2 01/04/2026
    Dewey Decimal Classification     MEDICAL SGT Medical Library SGT Medical Library Text Book 29/11/2025 ABC DELHI 750.00 SGTU 22053 616.01 R23B FM15763 17/04/2026 29/11/2025 Books 1 01/04/2026
    Dewey Decimal Classification     MEDICAL SGT Medical Library SGT Medical Library Text Book 29/11/2025 ABC DELHI 750.00 SGTU 22053 616.01 R23B FM15764 20/01/2026 29/11/2025 Books    
    Dewey Decimal Classification     MEDICAL SGT Medical Library SGT Medical Library Text Book 29/11/2025 ABC DELHI 750.00 SGTU 22053 616.01 R23B FM15765 20/01/2026 29/11/2025 Books